|
|
|
|
| LEADER |
00000nam0a2200000 4500 |
| 001 |
223929 |
| 005 |
20231101230546.0 |
| 035 |
|
|
|a (RuTPU)RU\TPU\book\244202
|
| 090 |
|
|
|a 223929
|
| 100 |
|
|
|a 20121017d1990 m y0rusy50 ca
|
| 101 |
0 |
|
|a rus
|
| 102 |
|
|
|a BY
|
| 105 |
|
|
|a a j 001zy
|
| 200 |
1 |
|
|a Рекурсивное представление и синтез графических изображений в системах проектирования и управления
|e методические рекомендации
|f Академия наук Белорусской ССР (АН БССР), Институт технической кибернетики (ИТК) ; сост. М. А. Самошкин
|
| 210 |
|
|
|a Минск
|c ИТК АН БССР
|d 1990
|
| 215 |
|
|
|a 102 с.
|c ил.
|
| 320 |
|
|
|a Библиогр.: с. 94-100.
|
| 606 |
1 |
|
|a Графические изображения
|2 stltpush
|3 (RuTPU)RU\TPU\subj\69850
|9 84525
|
| 610 |
1 |
|
|a ЭВМ
|
| 610 |
1 |
|
|a многопроцессорные компьютеры
|
| 610 |
1 |
|
|a рекурсивные структуры
|
| 610 |
1 |
|
|a проектирование
|
| 610 |
1 |
|
|a управление
|
| 610 |
1 |
|
|a видеоданные
|
| 610 |
1 |
|
|a ввод-вывод
|
| 610 |
1 |
|
|a алгоритмы
|
| 610 |
1 |
|
|a методические рекомендации
|
| 675 |
|
|
|a 681.327.1
|v 3
|
| 702 |
|
1 |
|a Самошкин
|b М. А.
|g Михаил Александрович
|4 220
|
| 712 |
0 |
2 |
|a Академия наук Белорусской ССР (АН БССР)
|b Институт технической кибернетики (ИТК)
|c (Минск)
|2 stltpush
|3 (RuTPU)RU\TPU\col\443
|
| 801 |
|
1 |
|a RU
|b 63413507
|c 20121017
|
| 801 |
|
2 |
|a RU
|b 63413507
|c 20131007
|g RCR
|
| 942 |
|
|
|c BK
|